00374 a2200121 4500001001000000005001700010008004100027245005500068100002000123700002300143773006900166999001700235ART_4905420260410161607.0260409a 10aLa ley 27349 y su impacto en los estados contables1 aSimaro, Gustavo1 aTorchelli, Valeria0 tProfesional & Empresariag- Año XX, Nº 237 (jun. 2019)wREV70 c10273d10273